| 000 | 00380nam a2200145Ia 4500 | ||
|---|---|---|---|
| 008 | 230312s9999||||xx |||||||||||||| ||und|| | ||
| 020 | _a3-86407-502-5 | ||
| 082 |
_a747.3 _bCOL-T |
||
| 100 | _aColon;frechmann | ||
| 245 | 0 | _a500 tricks flooring materials and other finishes | |
| 260 |
_bLoft _achina _c2014 |
||
| 300 | _a254 | ||
| 650 |
_aArchitecture _vArchitecture |
||
| 942 | _cBK | ||
| 999 |
_c12665 _d12665 |
||